Statistics for Avengers- Real Name to Superhero Name

Click here to take the quiz!

General Stats

  • This quiz has been taken 38 times
  • The average score is 15 of 21

Answer Stats

Alter EgoAvenger% Correct
Tony StarkIron Man
100%
Peter ParkerSpider Man
100%
Steve RogersCaptain America
97%
Bruce BannerHulk
97%
Natasha
Romanoff
Black Widow
94%
Thor OdinsonThor
94%
Scott LangAnt Man
91%
King T'ChallaBlack Panther
91%
Steven StrangeDr. Strange
91%
Carol DanversCaptain Marvel
85%
Clint BartonHawkeye
85%
Wanda MaximoffScarlet Witch
85%
Peter QuillStar Lord
76%
Sam WilsonFalcon
73%
James RhodesWar Machine
70%
MantisNone
27%
RocketNone
27%
GamoraNone
27%
DraxNone
27%
GrootNone
27%
VisionNone
27%

Score Distribution

Percentile by Number Answered

Percent of People with Each Score

Your Score History

You have not taken this quiz